000 00950nas a2200313 4500
001 BR0601627
003 BR-BrBNA
005 20231205105936.0
007 ta
008 230509b bl.|||p| |||| 00| 00por d
040 _aBR-BrBNA
_bpor
_cBiblioteca Nacional de Agricultura
041 _a(Pt)
072 _aL01; L02
100 1 _aLui, J.F.
100 1 _aOliveira, M.C. de
100 1 _aCaires, D.R.
100 1 _aCancherini, L.C.
245 1 _aDesempenho, rendimento de carcaça e pH cecal de coelhos em crescimento alimentados com dietas contendo níveis de probiótico
650 _aCOELHO
650 _aCARCAÇA
650 _aRENDIMENTO
650 _aDIETA
650 _aPERFORMANCE
650 _aRAÇÃO BALANCEADA
650 _aMICRORGANISMO
773 0 _tCiência Animal Brasileira (Brazil)
_xISSN 1518-2797
_g(Apr-Jun 2005), v. 6(2) p. 87-93
_wBR0601627
909 _a202311
_bLúcia
_c55
_dLúcia Elande
942 _2AGRIS
_n0
_cANA
999 _c185470
_d185470